Harry Potter and Lord of the rings quiz - Statistiques

Statistiques générales
  • Ce quiz a été pris 169 fois
  • Le résultat moyen est 16 sur 21
Statistiques - réponses
Hint Answers % Correct
Protagonists Harry Potter
95%
Antagonists Voldemort
95%
Gandalf
94%
Side characters Ron
93%
Frodo
92%
Hermione
92%
Magician with a beard and a hat Dumbledore
88%
Sauron
87%
Authors of the books JK Rowling
86%
JRR Tolkien
86%
Legolas
86%
Sam
86%
Aragorn
83%
Gimli
77%
Pippin
77%
Merry
68%
Neville
53%
Hagrid
42%
Gollum
41%
Malfoy
26%
Other characters Severus
23%
Aucun quiz correspondant
Distribution des résultats
% des personnes avec chaque résultat
Percentile par nombre de réponses
Votre historique - résultats
Vous n’avez pas pris ce quiz